| 000 | 00339nam a22001337a 4500 | ||
|---|---|---|---|
| 999 |
_c55008 _d55008 |
||
| 008 | 200204b ||||| |||| 00| 0 eng d | ||
| 041 | _aeng | ||
| 080 |
_2043.3 _a043.3 |
||
| 082 | _a043.3 | ||
| 100 | _a0 | ||
| 101 | _aBTH | ||
| 245 |
_aPerdorimi i Barnave Beta Bllokatorë tek Moshat e Vjetra në Kosovë _cGjonbalaj,F |
||
| 942 |
_2udc _cBK |
||